Logique (Record no. 166304)
[ view plain ]
| 000 -LEADER | |
|---|---|
| campo de control de longitud fija | 00801nam a2200193 i 4500 |
| 001 - NÚMERO DE CONTROL | |
| campo de control | 166304 |
| 003 - IDENTIFICADOR DE NÚMERO DE CONTROL | |
| campo de control | ES-MaACL |
| 005 - FECHA Y HORA DE LA ÚLTIMA TRANSACCIÓN | |
| campo de control | 20230906213313.0 |
| 008 - DATOS DE LONGITUD FIJA--INFORMACIÓN GENERAL | |
| campo de control de longitud fija | 950111s1865 fr |||| | fre d |
| 040 ## - FUENTE DE CATALOGACIÓN | |
| Centro catalogador/agencia de origen | CLM |
| Lengua de catalogación | spa |
| 100 0# - ENTRADA PRINCIPAL--NOMBRE DE PERSONA | |
| Nombre de persona | Tiberghien, Guillaume. |
| 9 (RLIN) | 110206 |
| 245 10 - MENCIÓN DEL TÍTULO | |
| Título | Logique |
| Resto del título | : la science de la connaissance / |
| Mención de responsabilidad, etc. | par G. Tiberghien. |
| 260 ## - PUBLICACIÓN, DISTRIBUCIÓN, ETC. | |
| Lugar de publicación, distribución, etc. | Paris : |
| Nombre del editor, distribuidor, etc. | Librairie Internationale, |
| Fecha de publicación, distribución, etc. | 1865 ( |
| Lugar de fabricación/manufactura | Bruxelles : |
| Fabricante | Typ. A. Lacroix, Verboeckhoven et Cie) |
| 300 ## - DESCRIPCIÓN FÍSICA | |
| Extensión | 2 v.(492; 504 p.) ; |
| Dimensiones | 22 cm. |
| 505 8# - NOTA DE CONTENIDO CON FORMATO | |
| Nota de contenido con formato | V. I. Théorie générale de la connaissance, ses origines, ses lois, sa légitimité -- V. II. Organisation de la connaissance |
| 650 #4 - PUNTO DE ACCESO ADICIONAL DE MATERIA--TÉRMINO DE MATERIA | |
| Término de materia o nombre geográfico como elemento de entrada | Lógica. |
| 9 (RLIN) | 14693 |
| 852 ## - LOCALIZACIÓN | |
| Ubicación | ES-MaACL |
| Número de control de estantería | D-4985 |
| Nota libre | -- Enc. hol. |
| condición física | -- Sólo "premiere partie" |
| 852 ## - LOCALIZACIÓN | |
| Ubicación | ES-MaACL |
| Número de control de estantería | F-7047-7048 |
| Nota libre | -- Enc. hol. |
| Estatus retirado | Estado de pérdida | Estado de daño | No para préstamo | Colección | Biblioteca de origen | Biblioteca actual | Ubicación en estantería | Fecha de adquisición | Fuente de adquisición | Total de préstamos | Signatura topográfica completa | Código de barras | Visto por última vez | Precio de reemplazo | Tipo de ítem Koha |
|---|---|---|---|---|---|---|---|---|---|---|---|---|---|---|---|
| Libros del s. XIX | Biblioteca del Ateneo de Madrid | Biblioteca del Ateneo de Madrid | Depósito 2 | 17/01/2008 | F-7047-7048 | 1174409 | 23/02/2023 | 23/02/2023 | Libro impreso antiguo | ||||||
| Libros del s. XIX | Biblioteca del Ateneo de Madrid | Biblioteca del Ateneo de Madrid | Sala Valle Inclán | 17/01/2008 | D-4985 | 901174408 | 23/02/2023 | 23/02/2023 | Libro impreso antiguo |
